Mô hình nghiên cứu chấp nhận Ebanking tại Việt Nam /
Đã lưu trong:
| 主要作者: | |
|---|---|
| 其他作者: | |
| 格式: | Bài viết |
| 語言: | Vietnamese |
| 主題: | |
| 標簽: |
添加標簽
沒有標簽, 成為第一個標記此記錄!
|
| Thư viện lưu trữ: | Thư viện Trường Đại học Đà Lạt |
|---|
| LEADER | 00830nam a2200277 4500 | ||
|---|---|---|---|
| 001 | DLU090083832 | ||
| 005 | ##20091026 | ||
| 040 | # | # | |a DLU |b vie |
| 041 | # | # | |a vie |
| 044 | # | # | |a vn |
| 100 | # | # | |a Lê Văn Huy. |
| 245 | # | # | |a Mô hình nghiên cứu chấp nhận Ebanking tại Việt Nam / |c Lê Văn Huy, Trương Thị Vân Anh. |
| 653 | # | # | |a Đầu tư nước ngoài |
| 653 | # | # | |a Ngân hàng đầu tư |
| 653 | # | # | |a Tài chính |
| 700 | # | # | |a Trương Thị Vân Anh. |
| 773 | # | # | |t Nghiên cứu kinh tế |g Số 7(362), 2008, tr. 40-47 |
| 920 | # | # | |a Phòng Tạp chí -- Trung tâm Thông tin - Thư viện Trường Đại học Đà Lạt |
| 994 | # | # | |a DLU |
| 900 | # | # | |a True |
| 911 | # | # | |a Nguyễn Thị Linh Chi |
| 925 | # | # | |a G |
| 926 | # | # | |a A |
| 927 | # | # | |a BB |
| 980 | # | # | |a Thư viện Trường Đại học Đà Lạt |